000 00660nam a2200241Ia 4500
003 OSt
005 20220926011831.0
006 a|||||r|||| 00| 0
007 ta
008 220923b |||||||| |||| 00| 0 eng d
037 _cGeneral Book
040 _aRTL
_cRTL
_beng
041 _2eng
_aeng
082 _aX:86, L6
100 _aMartin Charles C.
_9315042
245 0 _aProject management
260 _aNew York
_bAMACOM USA
_c1976
300 _avi, 312p.
_ccm.
490 _aAmerican Management Association, Publication
650 _aTop Management
942 _hX:86, L6
_cGB
_2CC
999 _c621097
_d621097